| 000 | 00629cam a22001814a 4500 | ||
|---|---|---|---|
| 020 | _a0070379955 (alk. paper) | ||
| 040 | _cDLC | ||
| 082 | 0 | 0 | _a155 HIL 2001 A002 Or. |
| 100 | 1 | _aLindholm, Charles, | |
| 245 | 1 | 0 |
_aCulture and identity : _bthe history, theory, and practice of psychological anthropology / |
| 260 |
_aBoston, Mass. : _bMcGraw Hill, _cc2001. |
||
| 300 |
_axxxii, 448 p. : _bill. ; _c23 cm. |
||
| 650 | 0 | _aEthnopsychology. | |
| 650 | 0 | _aPersonality and culture. | |
| 856 | 4 | 2 | _uhttp://www.loc.gov/catdir/description/mh021/00033921.html |
| 856 | 4 | 1 | _uhttp://www.loc.gov/catdir/toc/mh021/00033921.html |
| 942 | _cEK | ||
| 999 |
_c15643 _d15643 |
||